000 00737nam a2200169 a 4500
008 101123s2010 ||||||||||||||||| || u
020 _a9789211012248
050 _aUNO(058)MDG8/2010
110 _aUNITED NATIONS
245 1 0 _aMillennium Development Goal 8: the global partnership for development at a critical juncture: MDG Gap Task Force Report 2010
260 _aNew York
_bUNITED NATIONS
_c2010
300 _axviii, 80p.: ill.
350 _a0.00
650 _aMILLENNIUM DEVELOPMENT GOALS
650 _aECONOMIC DEVELOPMENT--INTERNATIONAL COOPERATION
995 _D0.00
_FCBU-MAIN LIBRARY (Kitwe)
_H1
_I0.00
_M1
_UAVAILABLE
_WNov 24, 2010
_ZInternational Publications
999 _c51230
_d51230